000
00238nam a2200097Ia 4500
001
714768
005
20250826162911.0
008
250824s9999 xx 000 0 und d
245
0
_a
BORANIN KİTABI
_c
AYŞE KULİN
260
_b
EVEREST YAYINLARI
999
_c
714768
_d
714768